| 000 | 00898cab a2200253 4500 | ||
|---|---|---|---|
| 001 | X3190 | ||
| 008 | 090401t1996 xxu||||| |||| 00| 0 eng d | ||
| 035 | _a(Sirsi) u29062 | ||
| 041 | _aeng | ||
| 245 | _aMannai Investment Company Ltd v Eagle Star Life Assurancee Company Ltd | ||
| 260 | _c1996 | ||
| 350 | _a0 | ||
| 490 |
_aProperty and Compensation Reports _v1996 71 P&CR 129-136(7) |
||
| 520 | _aCA 9 July 1995. Determination of a fixed-term lease. Notice to terminate specifiying incorrect date. Whether notice effective to determine lease. (Adapted from jouran abstract) | ||
| 650 | _aCAR PARKS | ||
| 650 | _aDETERMINATION OF LEASE | ||
| 650 | _aLEASES | ||
| 650 | _aMANNAI INVESTMENT CO LTD V EAGLE STAR LIFE ASSURANCE CO LTD UK | ||
| 650 | _aNOTICE | ||
| 650 | _aTIME LIMITS | ||
| 690 | _aLANDLORD AND TENANT-CASE LAW-BUSINESS TENANCIES | ||
| 942 | _n0 | ||
| 948 | _c04/03/1997 | ||
| 999 |
_c19562 _d19562 |
||